000 00433nam a2200145 a 4500
001 000043909
005 20201002045036.0
008 140508s1994 sp ac 000 0 spa d
020 _a8477990980
040 _aDO-SdBNP
_bspa
_cBNPHU
245 0 0 _a10 Años del instituto de la mujer.
246 1 1 _aDiez años del instituto de la mujer
260 _aMadrid, :
_bInstituto de la Mujer,
_c1994.
300 _a175 p. :
_bil., retrs. ;
_c24 cm.
999 _c43398
_d43398